Officia votiva per annum pro singulis hebdomadae feriis a SS. D. N. Leone PP. 13. Congessa

Bibliographic Details
Format: Book
Language:Latin
PhysicalDescription:179 s. 18 cm
Published: Ratisbonae Friderici Pustet 1902
Edition:4. editio
Subjects:

MARC

LEADER 00000nam a2200000 a 4500
001 vtls001349650
003 SK-MaSNL
005 20260302000059.0
008 251124s1902 IT r 0 lat
035 |a SNK000302964 
040 |a SNK  |b slo  |c SNK  |e AACR2 
044 |a IT 
080 |a 243:282  |2 2. slo 
245 1 |a Officia votiva per annum pro singulis hebdomadae feriis a SS. D. N. Leone PP. 13. Congessa 
250 |a 4. editio 
260 |a Ratisbonae  |b Friderici Pustet  |e Ratisbonae  |f Friderici Pustet  |c 1902 
300 |a 179 s.  |c 18 cm 
650 0 7 |a modlitby rímskokatolícke  |2 SNK  |9 309701 
999 |c 977913  |d 979843 
952 |t P60, <04>, [BOOK], {604}  |a SNK  |b SNK  |y VYP  |7 0  |p 17A0264656  |o snkID 96799  |i snkF 32/2001  |0 0  |1 0  |4 0  |d 2001-01-09  |l 0  |r 2005-01-02 00:00:00  |w 2026-02-24